ბათუმის შოთა რუსთაველის სახელმწიფო უნივერსიტეტის ბიბლიოთეკა

ქართული ენა : (ბიბ.ჩანაწერი № 53426)

000 -ლიდერი
ფიქსირებული სიგრძის საკონტროლო ველი 01228nam a2200265Ia 4500
001 - საკონტროლო ნომერი
საკონტროლო ველი 20469
003 - საკონტროლო ნომრის იდენტიფიკატორი
საკონტროლო ველი GE_BSU
005 - ბოლო ოპერაციის თარიღი და დრო
საკონტროლო ველი 20201225233803.0
008 - ფიქსირებული სიგრძის მონაცემთა ელემენტები - ზოგადი ინფორმაცია
ფიქსირებული სიგრძის საკონტროლო ველი 181216s1991||||ge |||||||||||||| ||geo||
040 ## - კატალოგიზაციის წყარო
Transcribing agency GE_BSU
041 ## - ენის კოდი
Language code of text/sound track or separate title geo
080 ## - უნივერსალური ათობითი კლასიფიკაციის ინდექსი
Universal Decimal Classification number 811.353.1-8(075.3) რ-21
100 ## - მთავარი ჩანაწერი - პიროვნების სახელი
Personal name რამიშვილი, ვ.
9 (RLIN) 9946
245 ## - ცნობა სათაურის შესახებ
Title ქართული ენა :
Remainder of title მე-4 კლასის სახელმძღვანელო /
Statement of responsibility, etc ვ.რამიშვილი, შ. თაბუკაშვილი, თ. ჩერქეზიშვილი ; რედ. გ. ახალაია.
264 ## - წარმოების, გამოცემის, დისტრიბუციის და სხვა ცნობები
გამოცემის, წარმოების, დისტრიბუციის... ადგილი თბილისი :
გამოცემის, წარმოების, დისტრიბუციის... სახელწოდება განათლება,
გამოცემის, წარმოების, დისტრიბუციის... თარიღი 1991.
300 ## - ფიზიკური აღწერა
Extent 288 გვ. ;
Dimensions 20 სმ.
653 ## - INDEX TERM--UNCONTROLLED
Uncontrolled term ქართული ენა
653 ## - INDEX TERM--UNCONTROLLED
Uncontrolled term მე-4 კლასის სახელმძღვანელო
700 ## - ADDED ENTRY--PERSONAL NAME
Personal name რამიშვილი, ვ.
Relator term ავტორი
9 (RLIN) 9946
700 ## - ADDED ENTRY--PERSONAL NAME
Personal name თაბუკაშვილი, შ.
Relator term ავტორი
9 (RLIN) 5999
700 ## - ADDED ENTRY--PERSONAL NAME
Personal name ჩერქეზიშვილი, თ.
Relator term ავტორი
9 (RLIN) 9925
700 ## - ADDED ENTRY--PERSONAL NAME
Personal name ახალაია, გ.
Relator term რედაქტორი
9 (RLIN) 9826
942 ## - ADDED ENTRY ELEMENTS (KOHA)
Koha item type წიგნი
Source of classification or shelving scheme
ეგზემპლარები
ჩამოწერის სტატუსი დაკარგული ეგზემპლარის სტატუსი კლასიფიკაციის წყარო ან თაროზე გაწყობის სქემა დაზიანების სტატუსი არ გაიცემა მუდმივი მდებარეობა (დაცვის ადგილი) ამჟამინდელი ადგილსამყოფელი თაროზე განთავსების ადგილი შეძენის თარიღი ღირებულება, შესყიდვის ნორმალური ფასი სრული შენახვის შიფრი შტრიხკოდი ბოლო ოპერაციის თარიღი ეგზემპლარის მიმდევრობითი ნომერი (კეტერი?) ფასის ძალაში შესვლის თარიღი ეგზემპლარის სახეობა საჯარო შენიშვნა
          ბათუმის შოთა რუსთაველის სახელმწიფო უნივერსიტეტის მთავარი ბიბლიოთეკა ბათუმის შოთა რუსთაველის სახელმწიფო უნივერსიტეტის მთავარი ბიბლიოთეკა წიგნსაცავი 2018-12-17 6.90 811.353.1-8(075.3) რ-21 53461 2018-12-17 53461 2018-12-17 წიგნი 6.90 ლ.